00513nam a22001577a 4500003001100000005001700011008004100028040003900069041000800108082001600116110001900132245014100151260003100292300001000323650002200333LK-CoMWRAF20240315125609.0240309b |||||||| |||| 00| 0 eng d aLK-CoMWRAFdLK-CoMWRAFeLK-CoMWRAF aeng a305.23bUNI aUnited Nations aFirst call for children- world declaration and plan of action from the world summit for children:bconvention on the rights of the child aNew York:bUNICEF,c[1990] a75 p. aCHILDREN'S RIGHTS